000 00287nam a2200145Ia 4500
100 _aMatthews/Andrews
942 _cBK
366 _f27
245 _aHow life works
260 _bEmbassy Books
_c2014
082 _bMAT
300 _a144
546 _aENGLISH
_cComputers
999 _c17802
_d17802